[Event "Challenge"]
[Site "http://www.queenalice.com/game.php?id=1565295"]
[Date "2019.3.24"]
[Round "-"]
[White "RibSama"]
[Black "Al1996ex"]
[Result "1/2-1/2"]
[WhiteElo "1099"]
[BlackElo "1323"]

1. d3 d5 2. Nc3 f5 3. Nxd5 Qxd5 4. Bf4 e5 5. Bxe5 Qxe5 6. Nf3 Qd5 7. c4 Qa5+ 8.
Qd2 Qa6 9. Nd4 g6 10. Rc1 Bg7 11. e3 Nh6 12. Qb4 Qxa2 13. Qa3 Qxa3 14. bxa3 f4
15. Nb5 O-O 16. Nxc7 fxe3 17. Nxa8 Ng4 18. fxe3 Rf2 19. Be2 Bc3+ 20. Rxc3 Rxe2+
21. Kxe2 b5 22. h3 b4 23. Rb3 a5 24. hxg4 a4 25. Rxb4 Nc6 26. Rb8 Nxb8 27. Rb1
Nc6 28. g5 Bb7 29. Rxb7 Nd4+ 30. exd4 h6 31. gxh6 Kf8 32. c5 Ke8 33. c6 Kd8 34.
Nb6 Ke8 35. c7 Kf7 36. Nxa4 Ke7 37. h7 Kd7 38. h8=Q Kc6 39. c8=Q+ Kd5 40. Nc3+
Kd6 41. Qh6 1/2-1/2

[Event "Lmfao Honor Hacker"]
[Site "http://www.queenalice.com/game.php?id=1565296"]
[Date "2019.3.24"]
[Round "-"]
[White "RibSama"]
[Black "Al1996ex"]
[Result "1/2-1/2"]
[WhiteElo "1019"]
[BlackElo "1100"]

1. e4 e5 2. d3 d6 3. g3 g6 4. h4 h5 5. Bg5 Bg4 6. Qc1 Qc8 7. Nc3 Nc6 8. Na4 Na5
9. b4 b5 10. Nb6 Nb3 11. Qb2 Qb7 12. f3 f6 13. Rd1 Rd8 14. d4 d5 15. Rd3 Rd6 16.
Rh2 Rh7 17. Rc3 Rc6 18. Rd2 Rd7 19. Rxb3 Rxb6 20. Rdd3 Rdd6 21. Rdc3 Rdc6 22.
Ra3 Ra6 23. Rxa6 Rxc3 24. Qxc3 Qxa6 25. Bxb5+ c6 26. Qxc6+ Qxc6 27. Bxc6+ Kf7
28. b5 Bb4+ 29. Ke2 a5 30. b6 Ke7 31. b7 Kd8 32. b8=Q+ Ke7 33. Bxd5 Bd7 34. g4
Bd6 35. f4 Bxb8 36. fxe5 fxg5 37. Nf3 Bxg4 38. Kf2 Ba7 39. Ke1 Bxf3 40. Bxg8
gxh4 41. Kf2 Bxe4 42. Ke3 Bd5 43. Bxd5 h3 44. Kf2 h2 45. Kg2 h1=Q+ 46. Kxh1 Bxd4
47. Kg2 Bxe5 48. Kf3 Kd6 49. Be4 h4 50. Kg2 g5 51. a4 g4 52. c4 Kc5 53. Kf2 g3+
54. Kf1 Kd4 55. Bg2 Ke3 56. c5 Bd4 57. c6 Be5 58. c7 Bxc7 59. Kg1 Ke2 60. Kh1
Kf2 61. Bh3 g2+ 62. Bxg2 Kg3 63. Bf1 h3 64. Bxh3 Kxh3 65. Kg1 Kg4 66. Kf2 Bb6+
67. Ke2 Kf4 68. Kd3 Bd8 69. Kc4 Ke5 70. Kb5 Kd5 71. Ka6 Kc5 72. Kb7 Kb4 73. Kc8
Bg5 74. Kc7 Kxa4 75. Kc6 Bd8 76. Kc5 Ka3 77. Kb5 a4 78. Kc4 Kb2 79. Kd3 a3 80.
Kd4 a2 81. Kd5 a1=Q 82. Kd6 Qa7 83. Kc6 Kc3 84. Kb5 Kd4 85. Kb4 Be7+ 86. Kb5 Kd5
1/2-1/2

[Event "noncing on a saturday night"]
[Site "http://www.queenalice.com/game.php?id=1591353"]
[Date "2019.11.27"]
[Round "-"]
[White "Al1996ex"]
[Black "RibSama"]
[Result "1-0"]
[WhiteElo "1060"]
[BlackElo "1099"]

1. d4 d5 2. c3 c6 3. Bf4 Bf5 4. Bxb8 Qxb8 5. Nf3 Nh6 6. b4 e6 7. Ne5 f6 8. Nf3
Bd6 9. Na3 b5 10. e3 Bg6 11. Bxb5 cxb5 12. c4 bxc4 13. b5 Bxa3 14. Qa4 Qb6 15.
Qa6 Rb8 16. Qxa3 Nf5 17. O-O Qxb5 18. Qxa7 Qb7 19. Qc5 Qb5 20. Rab1 Qxc5 21.
dxc5 Rc8 22. Nd4 Rxc5 23. Rb8+ Ke7 24. Rfb1 Be8 25. R1b7+ Kd6 26. Rb6+ Ke5 27.
Rxe6# 1-0

[Event "Ian Watkins top laddy daddy"]
[Site "http://www.queenalice.com/game.php?id=1591483"]
[Date "2019.11.28"]
[Round "-"]
[White "RibSama"]
[Black "Al1996ex"]
[Result "0-1"]
[WhiteElo "1099"]
[BlackElo "1206"]

1. Nc3 c6 2. Nf3 f6 3. b4 b5 4. a4 a5 5. Nd4 Nh6 6. f3 axb4 7. Ne4 d5 8. Nc5 e5
9. Nde6 Qd6 10. g4 Bxe6 11. Nb7 Qe7 12. g5 fxg5 13. d4 Qxb7 14. dxe5 Nf7 15. Bb2
Rxa4 16. Rg1 Qa6 17. Rxa4 bxa4 18. e3 a3 19. Bxa6 axb2 20. Bd3 Nxe5 21. Bb5 cxb5
22. Qb1 Nc4 23. Rg4 Bxg4 24. fxg4 Nd7 0-1

[Event "Daddy Pope and his Daddy Preists"]
[Site "http://www.queenalice.com/game.php?id=1591490"]
[Date "2019.11.28"]
[Round "-"]
[White "Al1996ex"]
[Black "RibSama"]
[Result "1-0"]
[WhiteElo "1279"]
[BlackElo "1099"]

1. c4 e6 2. e4 b6 3. d3 a5 4. a4 c5 5. Nh3 e5 6. g3 g5 7. g4 d6 8. Nc3 h6 9. b3
f6 10. f3 Be7 11. Nf2 Bd7 12. Nh3 Ra7 13. Nd5 Bf8 14. Ba3 Ne7 15. Nxf6+ Kf7 16.
Nh5 Ng6 17. Qd2 Nf4 18. Ng3 Na6 19. Ne2 Nb4 20. Qc3 Nbxd3+ 21. Kd1 Nb4 22. Qd2
Nfd3 23. Nc3 h5 24. Nb5 Rb7 25. Nxg5+ Kg6 26. Bxd3 Qxg5 27. f4 Qxg4+ 28. Ke1
Qh4+ 29. Kd1 Bg4+ 30. Kc1 exf4 31. e5+ Bf5 32. exd6 Qh3 33. Nc7 Bxd3 34. d7 Bd6
35. Rg1+ Kf5 36. Qe1 Bxc7 37. Qe8 Rb8 38. Qf7+ Ke4 39. Re1+ Kf3 40. Re8 Qf1+ 41.
Kb2 Nc2 42. Rxf1+ Bxf1 43. Kxc2 Kg2 44. Qg7+ Kxh2 45. Qxh8 f3 46. Rc8 f2 47. Qe8
Bg2 48. Qe7 Bh3 49. Qh4 f1=Q 50. Rxc7 Rg8 51. Rc8 Qg1 52. Qf4+ Qg3 53. Qd2+ Qg2
54. Rxg8 Bxd7 55. Qxg2# 1-0